000 00347nam a22001337a 4500
020 _a0-00-777867-8
082 _a900
_bCOL/I
100 _aCOLLINS
245 _aINSTANT FACTS MODERN WORLD HISTORY
_bA-Z ESSENTIAL FACTS AND DEFINITIONS
260 _aLONDON
_bHARPER COLLINS
_c2005
300 _a242
650 _aHISTORY REFERENCE
_zINDIA
942 _cBK
999 _c1550
_d1550